Etiqueta de registo: 00254nam 2200025 450
001 2176383
003 http://id.bnportugal.gov.pt/bib/catbnp/2176383
010 ## $a978-989-566-405-4
021 ## $aPT$b533336/24
100 ## $a20240809d2024 m y0pory01030103ba
101 0# $apor
102 ## $aPT
105 ## $aa z 000yd
106 ## $ar
200 1# $aAlma$fAdriana Estrela
210 #9 $aLisboa$cColibri,$d2024
215 ## $a180, [1] p.$cil.$d23 cm
675 ## $a821.134.3-94"20"$vBN$zpor$31565850
700 #1 $aEstrela,$bAdriana$31924251
801 #0 $aPT$bBN$gRPC
856 41 $uhttp://rnod.bnportugal.gov.pt/ImagesBN/winlibimg.aspx?skey=&doc=2176383&img=196977&save=true
900 ## $aBIBNAC$d20240903
966 ## $lBN$mFGMON$sL. 172466 V.$x1
966 ## $lBN$mFGMON$sL. 172466 V.-D$x1
971 ## $cisantos$d20240809
972 ## $d20240903$e0$vlrevez$z0
973 ## $cigoulao$d20240812
975 ## $e0$d20241129$vevalente